Текст томруулах:    
Communication technology (Бичлэгийн дугаар. 145980)
000 -УДИРДЛАГА
Удирдлага 00848nam a22003017a 4500
003 - ХЯНАЛТЫН ТОО ТОДОРХОЙЛОГЧ
Код MN-UlNUM
005 - БИЧИЛТ ХИЙСЭН ОГНОО
Тухайн бичилтийг бичсэн засварласан сүүлийн огноо 20251219114514.0
008 - ЕРӨНХИЙ МЭДЭЭЛЭЛ
Ерөнхий мэдээлэл 251219s1991 nyua|||| |||| 001 0 eng |
020 ## - ISBN
ISBN 0026771101
040 ## - БИЧЛЭГ ҮҮСГЭГЧ БАЙГУУЛЛАГА
Бичлэг үүсгэгч номын сангийн код МУИС-ийн номын сан
084 ## - ББК АНГИЛАЛ
Нэмэлт тусгалт Бусад
ББК ангилал 65.38
Зохиогчийн гурван тэмдэгт M 31
Мэдлэгийн ялгаа 65 - Эдийн засаг
100 1# - ЗОХИОГЧ
Зохиогчийн нэр Mark Sanders
245 10 - ҮНДСЭН ГАРЧИГ
Номын нэр Communication technology
Бага гарчгийн мэдээ Today and Tommorrow
260 ## - ГАРАЛТЫН МЭДЭЭ
Хэвлэгдсэн газар New York:
Хэвлэлийн газар McGraw-Hill,
Хэвлэгдсэн он 1991
300 ## - МАТЕРИАЛЫН ТОДОРХОЙЛОЛТ
хуудасны тоо 445p.:
500 ## - Тайлбар
Дансны дугаар БС 4629
546 ## - ХЭЛНИЙ ТУХАЙ МЭДЭЭ
Хэл Англи хэл дээр,
653 ## - Түлхүүр үг
Түлхүүр үг political assessment
653 ## - Түлхүүр үг
Түлхүүр үг cultural impact
653 ## - Түлхүүр үг
Түлхүүр үг ethical issues
740 ## - НОМЫН ГАРЧИГ
Гарчиг Understanding Communication Systems
740 ## - НОМЫН ГАРЧИГ
Гарчиг The Changing nature of communication technology
740 ## - НОМЫН ГАРЧИГ
Гарчиг The Impact of Communication Technology
740 ## - НОМЫН ГАРЧИГ
Гарчиг Introduction to Computers
740 ## - НОМЫН ГАРЧИГ
Гарчиг Computer Hardware
942 ## - ЭЛЕМЕНТИЙН ТӨРӨЛ
Зүйлийн төрөл Ном